Statistiken für Städte auf Plattdeutsch - wie heißen sie auf Hochdeutsch?

Klicken Sie hier um das Quiz zu spielen!

Allgemein

  • Dieses Quiz wurde 207 mal gespielt
    (166 seit der letzten Aktualisierung)
  • Das Durchschnittsergebnis liegt bei 39 aus 66

Antwortstatistiken

KategorieNiederdeutscher NameHochdeutscher Name% Korrekt
100k+DüsseldörpDüsseldorf
97%
100k+BremerhobenBremerhaven
96%
100k+BuilefeldBielefeld
95%
100k+Frankfort an’n MainFrankfurt am Main
94%
100k+GelsenkiärkenGelsenkirchen
94%
100k+HamborgHamburg
93%
100k+LübeekLübeck
93%
100k+HannoberHannover
92%
100k+PatterbuornPaderborn
92%
100k+MönsterMünster
91%
100k+WulfsborgWolfsburg
91%
100k+WupperdaalWuppertal
90%
100k+NürnbargNürnberg
89%
100k+ChöttingenGöttingen
88%
<100kCuxhobenCuxhaven
85%
<100kBrannenborgBrandenburg
84%
100k+OllnborgOldenburg
83%
100k+AkenAachen
80%
<100kGoslärGoslar
76%
100k+OssenbrüggeOsnabrück
76%
<100kSwerinSchwerin
76%
<100kNiemünsterNeumünster
75%
NiederlandeRötterdaamRotterdam
75%
<100kBuxthuBuxtehude
73%
100k+BrunswiekBraunschweig
71%
<100kWillemshavenWilhelmshaven
66%
<100kWismerWismar
65%
100k+MeursMoers
64%
<100kBruunsbüddelBrunsbüttel
63%
100k+RiäkelhusenRecklinghausen
63%
Niederlanden HeegDen Haag
62%
NiederlandeEindhoownEindhoven
61%
<100kIserlaunIserlohn
60%
100k+MeideborgMagdeburg
58%
<100kLümborgLüneburg
57%
<100kPinnbargPinneberg
57%
<100kVechteVechta
57%
<100kGriepswohldGreifswald
55%
100k+OverhusOberhausen
55%
<100kNörden (Oostfreesland)Norden (Ostfriesland)
53%
NiederlandeArnemArnhem
50%
<100kDemostDelmenhorst
49%
NiederlandeHaorlemHaarlem
47%
<100kSaustSoest
46%
<100kKoosfeldCoesfeld
45%
100k+HilmessenHildesheim
45%
<100kElveshornElmshorn
41%
NiederlandeNimwaegeNijmegen / Nimwegen
41%
NiederlandeApeldoorneApeldoorn
40%
100k+BaukemBochum
38%
<100kIppenbürnIbbenbüren
38%
NiederlandeGrunnengGroningen
34%
100k+DüörpmDortmund
33%
<100kNiegenbramborgNeubrandenburg
30%
100k+GütselGütersloh
29%
<100kMinnMinden
27%
NiederlandeLiwwaddenLeeuwarden
24%
<100kBokeltBocholt
22%
NiederlandeDaeventerDeventer
22%
<100kTwüschenahnBad Zwischenahn
21%
<100kDeppeltDetmold
20%
<100kStoodStade
19%
<100kHalwerstiddeHalberstadt
18%
NiederlandeEanskeEnschede
11%
<100kLünscheLüdenscheid
9%
100k+MölmMülheim
6%

Verteilung der Resultate

Perzentil nach korrekt beantworteten Fragen

Anzahl Personen mit jedem Resultat

Ihre Resultats-Entwicklung

Sie haben dieses Quiz seit der letzten Aktualisierung nicht gespielt